Państwa z największym niewolnictwem - Statystyki

Ogólne statystyki
  • Ten quiz został rozwiązany 13 770 razy
  • Średni wynik to 9 z 21
Statystyki odpowiedzi
% Państwo % Poprawnych
1.40 Indie
69%
4.37 Korea Północna
67%
1.13 Irak
62%
1.13 Demokratyczna Republika Konga
57%
1.13 Pakistan
56%
1.13 Afganistan
54%
1.13 Somalia
52%
1.13 Sudan
51%
1.13 Syria
50%
1.13 Jemen
46%
0.95 Bangladesz
41%
1.13 Libia
41%
1.13 Sudan Południowy
40%
1.36 Katar
39%
1.06 Mauretania
31%
0.96 Mjanma
30%
1.65 Kambodża
28%
1.13 Republika Środkowoafrykańska
27%
3.97 Uzbekistan
25%
1.00 Haiti
16%
1.00 Dominikana
10%
Nie znaleziono quizów pasujących do podanych kryteriów
Rozkład punktacji
Procent ludzi z każdym wynikiem
Percentyl według liczby udzielonych odpowiedzi
Twoja historia wyników
Nie rozwiązałeś tego quizu